Statistiques concernant They Shoot Pictures, Don't They? - films 161 à 180

Cliquez ici pour prendre le quiz!

Statistiques générales

  • Ce quiz a été pris 43 fois
  • Le résultat moyen est 6 sur 20

Statistiques - réponses

Réponse% Correct
La Guerre des étoiles
97%
Les Oiseaux
83%
There Will Be Blood
63%
Massacre à la tronçonneuse
60%
Voyage au bout de l'enfer
51%
La Balade Sauvage
46%
Profession : reporter
34%
Le Charme Discret de la bourgeoisie
31%
Tropical Malady
29%
La Soupe au canard
26%
Assurance sur la mort
23%
Rosemary's Baby
23%
Brève rencontre
20%
La Chevauchée Fantastique
17%
Le Décalogue
11%
Touki Bouki
11%
La Couleur de la grenade
9%
L'Âge d'or
9%
La Terre
3%
Le Fleuve
3%

Distribution des résultats

Percentile par nombre de réponses

% des personnes avec chaque résultat

Votre développement - résultats

Vous n’avez pas pris ce quiz